Loading...
| Philosophy | 0 | 5 | 1 | 1 | 45 | 91 | 122.00 | 0 | 2 |
| Science - Other Science | 0 | 3 | 1 | 0 | 25 | 105 | 118.33 | 0 | 0 |
| Social Science | 0 | 2 | 1 | 0 | 15 | 120 | 124.50 | 0 | 0 |
| Mythology | 0 | 1 | 0 | 0 | 10 | 143 | 143.00 | 0 | 0 |
| Other Academic | 0 | 1 | 0 | 0 | 10 | 136 | 136.00 | 0 | 0 |
| Literature - American Literature | 0 | 1 | 0 | 0 | 10 | 153 | 153.00 | 0 | 0 |
| Literature - European Literature | 0 | 1 | 0 | 0 | 10 | 128 | 128.00 | 0 | 0 |
| Science - Biology | 0 | 0 | 0 | 0 | 0 | 0.00 | 0 | 0 | |
| History - Other History | 0 | 0 | 0 | 0 | 0 | 0.00 | 0 | 0 | |
| Religion | 0 | 0 | 1 | 0 | -5 | 0.00 | 0 | 0 | |
| Fine Arts - Painting & Sculpture | 0 | 0 | 1 | 0 | -5 | 0.00 | 0 | 0 | |
| History - American History | 0 | 0 | 1 | 0 | -5 | 0.00 | 0 | 0 | |
| Science - Physics | 0 | 0 | 1 | 0 | -5 | 0.00 | 0 | 0 | |
| Literature - British Literature | 0 | 0 | 2 | 0 | -10 | 0.00 | 0 | 0 |